The adventures of Sherlock Holmes / (Record no. 110667)
[ view plain ]
| 000 -LEADER | |
|---|---|
| fixed length control field | 00748nam a2200193 a 4500 |
| 001 - CONTROL NUMBER | |
| control field | 1527 |
| 005 - DATE AND TIME OF LATEST TRANSACTION | |
| control field | 20140414131901.0 |
| 008 - FIXED-LENGTH DATA ELEMENTS--GENERAL INFORMATION | |
| fixed length control field | 001118s19uu xx 00 eng d |
| 050 ## - LIBRARY OF CONGRESS CALL NUMBER | |
| Classification number | FIC |
| Item number | D77 1986 |
| 100 ## - MAIN ENTRY--PERSONAL NAME | |
| Personal name | Doyle, A. Conan |
| 245 ## - TITLE STATEMENT | |
| Title | The adventures of Sherlock Holmes / |
| Statement of responsibility, etc | A. Conan Doyle ; adapted by Malvina G. Vogel; illustrated by Brendan Lynch. |
| 260 ## - PUBLICATION, DISTRIBUTION, ETC. (IMPRINT) | |
| Place of publication, distribution, etc | New York : |
| Name of publisher, distributor, etc | Baronet Books, |
| Date of publication, distribution, etc | 1985. |
| 300 ## - PHYSICAL DESCRIPTION | |
| Extent | 238 p. : ill. ; cm. |
| 440 ## - SERIES STATEMENT/ADDED ENTRY--TITLE | |
| Title | Great illustrated classics |
| 520 ## - SUMMARY, ETC. | |
| Summary, etc | Includes three Sherlock Holmes mystery adventures: "The Red-headed League," "The Adventure of the Speckled Band," and "The Adventure of the Copper Beeches." |
| 650 ## - SUBJECT ADDED ENTRY--TOPICAL TERM | |
| Topical term or geographic name as entry element | Mystery and detetive stories. |
| 650 ## - SUBJECT ADDED ENTRY--TOPICAL TERM | |
| Topical term or geographic name as entry element | Short stories. |
| Withdrawn status | Lost status | Damaged status | Use restrictions | Home library | Current library | Shelving location | Date acquired | Source of acquisition | Total Checkouts | Full call number | Barcode | Date last seen | Price effective from | Koha item type |
|---|---|---|---|---|---|---|---|---|---|---|---|---|---|---|
| Munich Library | Munich Library | Fiction Section | 12/22/2004 | FIC D77 1986 | M1130 | 04/14/2014 | 04/14/2014 | Books |